000 01125cab a2200193 4500
001 ##L133432
008 060508n2006 000 0 eng u
035 _a(Sirsi) u133432
041 0 _aeng
100 1 _aBell, James
245 0 0 _aOk, hands up
_bit is all my fault - but don't try and hold me to that
260 _c2006
490 0 _aConstruction News
_v(6965) 4 May 2006, 28(1)
520 _aExamines the implications of the CA's decision in the personal injury case of "Sowerby v Charlton" ([2005] EWCA Civ 1610, unreported), where an admission by C before proceedings commenced that primary liability was admitted, was held by the CA not to be binding, on the basis that a party's case will not have been properly thought out until court documents are prepared. The result is that claimant's lawyers will now have to carry on investigating liability even when such an admission is made, thus running up unnecessary costs.
590 _aIKA090506
650 2 4 _aSOWERBY V CHARLTON
690 _aMANAGEMENT-DISPUTE AVOIDANCE, MANAGEMENT AND RESOLUTION-DISPUTE MANAGEMENT AND RESOLUTION-CASE MANAGEMENT
942 _n0
999 _c77003
_d77003